000 00622 a2200241 4500
001 111967
020 _a9780329289355
020 _a9781413137392
020 _a9781550743227
041 _apor
090 _aP Year 1 428
100 _aHarris, Pamela.
250 _a1st U.S. ed.
300 _a[32] p.
697 _aEnglish language - Synonyms and antonyms
697 _aOpposites.
697 _aAntonyms.
856 _u00001f/00001f8f.jpg
040 _aBR-BrIDEA
_cBR-BrIDEA
245 1 0 _aHot, cold, shy, bold
_blooking at opposites
_c Pamela Harris
260 _a[S.l.]
_bKids Can Press
_c1998
942 _cBK
999 _c111967
_d111967